000 00614nam a22001937a 4500
005 20251108164158.0
008 250721s1994 xx 000 0 ara d
082 1 4 _a301.32/خفا
100 1 _aالخفاف، عبد علي
245 1 0 _aالأرض و أعداد البشر /
264 1 _aعمان :
_bالمركز العربي للخدمات الطلابية،
_c1994.
300 _a127ص.
650 1 7 _aالسكان
650 1 7 _aالموارد البشرية
650 1 7 _aالجغرافيا البشرية
700 1 _aالمومني، محمد أحمد عقله
942 _2ddc
_cBK
999 _c5616
_d5616